000 00256nam a2200109Ia 4500
005 20251222152046.0
008 251222s9999||||xx |||||||||||||| ||spa||
020 _a978-968-24-1142-7
082 _a631.372/B45
245 0 _aTractores agrícolas
942 _cLIB
999 _c26238
_d26238